|
|
|
|
| LEADER |
00000nab a2200000 a 4500 |
| 001 |
vtls008962958 |
| 003 |
SK-MaSNL |
| 005 |
20260303070737.0 |
| 008 |
131118c2007 xo mr|p|||||||000 b|slo |
| 015 |
|
|
|a SNBRB2007/04
|2 snkbucl
|
| 038 |
|
|
|a SNKBUCL
|
| 040 |
|
|
|a SNKBUCL
|b slo
|c SNKBUCL
|e AACR2
|
| 041 |
1 |
|
|a slo
|h slv
|
| 044 |
|
|
|a xo
|c SK
|
| 080 |
|
|
|a 821.163.42-32
|2 2001
|
| 100 |
1 |
|
|a Lovrenčić, Sanja
|d 1961-
|4 aut
|9 1068577
|
| 245 |
1 |
0 |
|a Tri príbehy o dome
|c Sanja Lovrenčić ; preložila Katarína Petríková
|
| 650 |
0 |
7 |
|a krátke prózy, chorvátske
|2 snkbucl
|9 1068566
|
| 740 |
0 |
2 |
|a Povala
|
| 740 |
0 |
2 |
|a Bazén
|
| 740 |
0 |
2 |
|a Ústup
|
| 773 |
0 |
|
|t Romboid+. Quorum v Romboide+
|g Roč. XLI/XLII, (2006/2007), s. 60-65
|x 0231-6714
|
| 958 |
|
|
|a LX
|
| 958 |
|
|
|a HR
|
| 999 |
|
|
|c 1756735
|d 1758665
|